<?xml version="1.0" encoding="UTF-8"?><collection xmlns="info:lc/xmlns/marcxchange-v2"><record format="Unimarc" type="bibliographic"><leader>00639cam  2200217   450 </leader><controlfield tag="001">1803067</controlfield><controlfield tag="003">http://id.bnportugal.gov.pt/bib/porbase/1803067</controlfield><controlfield tag="005">20030531150300.0</controlfield><datafield ind1=" " ind2=" " tag="010"><subfield code="a">0-486-27045-9</subfield><subfield code="b">Brochado</subfield></datafield><datafield ind1=" " ind2=" " tag="035"><subfield code="6">73104</subfield></datafield><datafield ind1=" " ind2=" " tag="095"><subfield code="a">PTBN00884897</subfield></datafield><datafield ind1=" " ind2=" " tag="100"><subfield code="a">19960221d1992    k  y0pory0103    ba</subfield></datafield><datafield ind1="0" ind2=" " tag="101"><subfield code="a">eng</subfield></datafield><datafield ind1=" " ind2=" " tag="102"><subfield code="a">US</subfield></datafield><datafield ind1="1" ind2=" " tag="200"><subfield code="a">Myths and legends of Japan</subfield><subfield code="f">F. Hadland Davis</subfield><subfield code="g">il. Evelyn Paul</subfield></datafield><datafield ind1=" " ind2=" " tag="210"><subfield code="a">New Yrok</subfield><subfield code="c">Dover Publications</subfield><subfield code="d">1992</subfield></datafield><datafield ind1=" " ind2=" " tag="215"><subfield code="a">431 p.</subfield><subfield code="c">il.</subfield><subfield code="d">22 cm</subfield></datafield><datafield ind1=" " ind2=" " tag="675"><subfield code="a">39(520)</subfield><subfield code="v">int</subfield><subfield code="z">eng</subfield><subfield code="3">327428</subfield></datafield><datafield ind1=" " ind2="1" tag="700"><subfield code="a">Davis</subfield><subfield code="b">F. Hadland</subfield><subfield code="3">1439420</subfield></datafield><datafield ind1=" " ind2="1" tag="702"><subfield code="a">Paul</subfield><subfield code="b">Evelyn</subfield><subfield code="4">440</subfield><subfield code="3">676861</subfield></datafield><datafield ind1=" " ind2="0" tag="801"><subfield code="a">PT</subfield><subfield code="b">BN</subfield><subfield code="g">RPC</subfield></datafield><datafield ind1=" " ind2=" " tag="977"><subfield code="1">BCEP 39(520)</subfield><subfield code="2">coop</subfield><subfield code="4">UMSD</subfield><subfield code="6">mq1076434</subfield><subfield code="7">bc</subfield><subfield code="8">coop</subfield><subfield code="9">UMSD</subfield><subfield code="b">147389</subfield><subfield code="k">0</subfield></datafield><datafield ind1=" " ind2=" " tag="998"><subfield code="a">MSD20-279</subfield></datafield></record></collection>